00787nam a2200157 i 4500001000700000003000900007005001700016008004100033100003600074245025100110260004200361300002100403650006100424711006300485852008100548167943ES-MaACL20230906213632.0051003s1878 xxk |||| | eng d1 aWines, Enoch Cobb (d1806-1879)10aOscar the first, (late king of Sweden and Norway,) and the penitentiary question b: remarks at the banquet given by Oscar the Second at the Palace of Drottningholm, Aug. 24, 1878, to the members of the International Prison Congress / cby Wines. aLondon : bSpottswoode & co., c1878. a12 p. ; c22 cm. 4aEstablecimientos penitenciarios-vCongresos y asambleas.2 aCongreso Penitenciario Internacional (d1878. cEstocolmo) aES-MaACLjD-221(1) z- Enc. pasta española z. - Donativo de Lastres, 1907